000 00320nam a22001217a 4500
008 181123b xxu||||| |||| 00| 0 eng d
041 _aeng
080 _a043.3
100 _a0
101 _aBTH-ARK
245 _aImplementimi i Projektit (Ndertesa Afariste) Qender Tregtare b+p+5 Prishtine
_cBiqkaj, B
942 _2udc
_cBK
999 _c52465
_d52465